000 02557cam a2200313 4500500
005 20251228073627.0
041 _afre
042 _adc
100 1 0 _aMontevecchi, Federica
_eauthor
245 0 0 _aEmpédocle et Freud Réflexions sur la logique et le langage
260 _c2018.
500 _a48
520 _aCe texte, présenté pour la première fois le 19 novembre 2016 au Centre Léon Robin ( cnrs-Université Paris-Sorbonne- ens Ulm) dans le cadre du Séminaire « Présocratiques », étudie la relation entre Empédocle et Freud. L’analyse de cette relation s’articule en trois temps : d’abord il s’agit de la comparaison que Freud établit avec Empédocle, ensuite on considère les affinités entre leurs doctrines, enfin on propose quelques observations sur la poésie d’Empédocle. Il s’agit d’une poétique encore liée à la parole, typique de la tradition orale, et à son poids de corporéité et d’émotivité, dans lequel émerge la relation, si importante en psychanalyse, entre logos et alogon, entre ce qui est rationnellement analysable et ce qui est intuitivement révélateur mais insaisissable au domaine du logos.
520 _aFirst presented on November the 19th, 2016 in the Centre Léon Robin ( cnrs-Univ. Paris-Sorbonne- ens Ulm) within the pre-Socratic Seminar, this paper investigates the relationship between Empedocles and Freud. It first examines the nature of Freud’s involvement with Empedocles, then, based on the extant fragments of the Empedoclean corpus, it considers the similarities between their doctrines and finally it studies Empedocles’poetic style. His poetics is still closely linked to the spoken word, a typical characteristic of oral tradition, and it is fraught with corporeal and emotional dimensions. In this, we see the emergence of one of the key concepts of psychoanalysis: the relationship between logos and alogon, between that which can be rationally analyzed and that which can be intuited but eludes the scope of logos.
690 _aEmpédocle
690 _aFreud
690 _alogique de l’opposition
690 _alogos et alogon
690 _aPhilia et Neikos
690 _apoésie
690 _aEmpedocles
690 _aFreud
690 _aLogos and Alogon
690 _aPhilia and Neikos
690 _apoetry
690 _apolar logic
786 0 _nSavoirs et clinique | 24 | 1 | 2018-09-27 | p. 106-120 | 1634-3298
856 4 1 _uhttps://shs.cairn.info/revue-savoirs-et-cliniques-2018-1-page-106?lang=fr&redirect-ssocas=7080
999 _c1595556
_d1595556